Итака (Запис номер 502545)
[ съкратено ]
| 000 -Лидер | |
|---|---|
| Лидер | 00981aaa a2200241 a 4500 |
| 003 - Код на организацията, давaща контролен номер | |
| Код на организацията, даваща контролен номер | BLK |
| 005 - Дата и час на последна редакция | |
| Дата и час на последна редакция | 20240329143136.0 |
| 007 - Фиксирано поле за физическо описани | |
| Физическо описание | ta |
| 008 - Елементи от данни с фиксирана дължина | |
| Елементи с фиксирана дължина | 221104b bu |||||r|||| 00| | bu d |
| 040 ## - Източник на каталожния запис | |
| Код на библиотеката | BLK |
| 041 ## - Код за език | |
| Език | Български |
| Език за КДБФ | Български |
| 080 ## - УДК | |
| УДК текст | Новогръцка литература |
| УДК код | 821.146 |
| УДК – определител | -1 |
| УДК – код + определител | 821.146-1 |
| 100 1# - Редна дума - Автор | |
| R(LIN) | 99380 |
| Автор | Моциос, Янис |
| 245 ## - Сведения за заглавието | |
| Заглавие | Итака |
| Подзаглавни данни | (Лиричен полиптих) |
| Авторска отговорност | Янис Моциос ; прев. от гр. Стефан Гечев |
| 300 ## - Физическа характеристика | |
| Брой страници | 1998, № 1, с. 197-206. |
| 653 ## - Ключова дума – ненормативна | |
| 9 (RLIN) | 490771 |
| Ключови думи | гръцки поети |
| 700 ## - Други автори (авторска отговорност) | |
| Друг автор | Гечев, Стефан Албертов |
| 9 (RLIN) | 363585 |
| 773 0# - Описание на основна библиографска единица при аналитични записи (многотомни) | |
| Заглавие на източника | ЛЕТОПИСИ |
| Редна дума на основното описание | СБП |
| Международен стандартен номер на серията ISSN | 0204-7349 |
| Контролен номер на записа | 295014 |
| Информация за връзката | . // |
| 856 ## - Електронен адрес и достъп | |
| Инструкция (цена за достъп) | 0.00 |
| Права за достъп | Достъп само през служебен интерфейс |
| Име на файла (електронен носител) | Итака |
| Електронен формат | pdf - файл |
| Път до файла (ресурса) | http://185.138.176.146:18082/cgi-bin/koha/opac-retrieve-file.pl?id=6535d3af8f0d02fb728a7a2cda416c0d |
| Допълнителна информация (Корица, съдържание, пълен текст, звуков файл, HTML файл) | Електронна книга |
| Забележка за публика | Итака |
| 942 ## - АРТИКУЛИ | |
| Източник на класификационната схема | Universal Decimal Classification |
| Вид на библиотечния документ | Статия |
| Скрит в OPAC | Не |
| 944 ## - СЪЗДАВАНЕ И РЕДАКЦИЯ на ЗАПИСА | |
| Дата на регистрацията/редакция | Кети Илиева |
| Служител, извършил регистрацията/редакцията | 30542 |
| Номер на служител | Русанова Ирена |
| 999 ## - СИСТЕМНИ КОНТРОЛНИ НОМЕРА | |
| Koha biblionumber | 502545 |
| Koha biblioitemnumber | 502545 |
| 999 ## - СИСТЕМНИ КОНТРОЛНИ НОМЕРА | |
| Koha biblioitemnumber | 502545 |
Няма налични копия.